000 01115nam a2200217Ia 4500
999 _c37943
_d37943
001 3924
003 GE_BSU
005 20190916155915.0
008 181216s1965||||ge |||||||||||||| ||geo||
040 _cGE_BSU
041 _ageo
080 _a347.6(479.22)(091) ნ–15
100 _aნადარეიშვილი, გ.
_94029
245 _aქართული საოჯახო სამართლის ისტორიიდან :
_bქონებრივი ურთიერთობის საკითხები /
_cსაქ. სსრ. მეცნ. აკად. ეკონომიკისა და სამართლის ინ–ტი ; რედ. ი. დოლიძე.
264 _a თბ. :
_bმეცნიერება,
_c1965.
300 _a242 გვ. ;
_b22 სმ.
653 _aქართული საოჯახო სამართლის ისტორია
653 _aქონებრივი ურთიერთობები
700 _aდოლიძე, ი.
_eრედაქტორი
_93777
942 _cBK
_2udc